000 00999cad a22002415a 4500
001 E148424
008 090916s2009 xxkad f s 000 0 eng d
035 _a(Sirsi) u148424
041 0 _aeng
050 0 4 _a333.33 $2 18
110 2 _aJones Lang LaSalle
_93755
245 0 0 _aUK residential market forecasts
_h[electronic resource]
260 _a[London]
_bJLL
_c2009
490 0 _aJones Lang LaSalle UK Residential Market Forecasts
520 _aSuggests that the recent up-turn in residential property prices is temporary, and that prices will fall again in 2010. Forecasts that a sustained recovery in the market won't take place until 2012.
521 _aAdvanced
590 _aKA NTK
650 2 4 _aJONES LANG LASALLE UK RESIDENTIAL MARKET FORECASTS
651 4 _aEurope
690 _aPROPERTY-RESIDENTIAL PROPERTY-RESIDENTIAL PROPERTY MARKET
856 4 0 _uhttps://www.joneslanglasalle.com/
_zView this report free of charge under research at www.joneslanglasalle.com...
942 _n0
999 _c110045
_d110045